Nadmorskie dzielnice Gdańska - Statystyki

Ogólne statystyki
  • Ten quiz został rozwiązany 26 razy
  • Średni wynik to 7 z 8
Statystyki odpowiedzi
Ludność Dzielnica % Poprawnych
10938 Brzeźno
100%
14540 Żabianka-Wejhera-Jelitkowo-Tysiąclecia
100%
8465 Nowy Port
88%
3255 Wyspa Sobieszewska
88%
24368 Przymorze Wielkie
83%
9375 Stogi
71%
1661 Krakowiec-Górki Zachodnie
63%
3585 Przeróbka
63%
Nie znaleziono quizów pasujących do podanych kryteriów
Rozkład punktacji
Procent ludzi z każdym wynikiem
Percentyl według liczby udzielonych odpowiedzi
Twoja historia wyników
Nie rozwiązałeś tego quizu